Pokémon apparaissant dans le premier générique de la série - Statistiques

Statistiques générales
  • Ce quiz a été pris 377 fois
  • Le résultat moyen est 20 sur 30
Statistiques - réponses
Pokémon % Correct
Pikachu
97%
Carapuce
91%
Salamèche
90%
Bulbizarre
89%
Mew
86%
Mewtwo
86%
Dracaufeu
85%
Roucoups
78%
Miaouss
71%
Tortank
71%
Papilusion
69%
Chenipan
66%
Onix
66%
Florizarre
65%
Smogo
65%
Abo
64%
Galopa
64%
Spectrum
64%
Artikodin
60%
Arcanin
59%
Draco
59%
Léviator
59%
Lokhlass
55%
Electhor
54%
Raichu
49%
Nosferapti
45%
Tentacruel
42%
Sabelette
40%
Kadabra
33%
Osselait
30%
Aucun quiz correspondant
Distribution des résultats
% des personnes avec chaque résultat
Percentile par nombre de réponses
Votre historique - résultats
Vous n’avez pas pris ce quiz